000 00576nam a22001577a 4500
999 _c534974
_d534974
020 _qHard Cover.
082 _a624.1
100 _aJaved, saad Ullah
245 _aFactors affecting bid/no bid decision for medium to large size contractor in the construction industry of Pakistan /
_cSaad Ullah Javed.
260 _aIslamabad:
_bNIT NUST,
_c2014.
300 _a71 p. :
_bill. ;
_c30cm.
942 _2ddc
_cTHE
650 _aConstruction Engineering and Management MS-Thesis.
_917023
700 _aDr. Hamza Farooq
_927180